01777nmm a2200421 a 4500003000900000005001700009008004100026040001300067100002400080245002700104250001200131260010300143300002400246500005300270500003500323500002500358500027000383504005600653650003300709650002900742650002300771650002600794650002800820650002600848650003100874650002300905651001900928653002800947653003700975700002601012700004001038700003901078942000701117998001001124999001501134952010301149952010301252AR-BaBNM20251128203443.0277019s1965 ||||||||||||||000 | spa|| cAR-BaBNM1 aHaskew, Laurence D.10aEsto es la enseñanza a1ª ed. aMéxico, D.F.bCentro Regional de Ayuda Técnica. Agencia para el Desarrollo Internacionalc19650 a368 p.bil., tablas0 aRevisión técnica por Domingo Tirado Benedí0 aGuía histórica: p. 604-6150 aGlosario: p. 616-6241 aEsta publicación ha sido preparada por el Centro Regional de Ayuda Técnica, Agencia para el Desarrollo Internacional AID, Departamento de Estado del Gobierno de los Estados Unidos de América. El Centro es una organización dedicada a la producción de versi aContiene bibliografía al final de cada capítulo 4aORGANIZACION DE LA EDUCACION 4aHISTORIA DE LA EDUCACION 4aSISTEMAS ESCOLARES 4aPERSONAL DE EDUCACION 4aORIENTACION PROFESIONAL 4aFORMACION DE DOCENTES 4aRELACION ESCUELA-COMUNIDAD 4aPOLITICA EDUCATIVA 4aEstados Unidos aEXPERIENCIAS EDUCATIVAS aPROCESO DE ENSENANZA-APRENDIZAJE1 aMcLendon, Jonathon C.1 aContró Malo, Franciscoetraductor1 aVilalta Vidal, Emilianoetraductor cBK csilvi c3454d3454 00102ddc4070aLPLbLPLd2025-11-28l0o37[4/9] HASp048934r2025-11-28 20:34:43w2025-11-28yBK 00102ddc4070aLPLbLPLd2025-11-28l0o37[4/9] HASp066446r2025-11-28 20:34:43w2025-11-28yBK